Statistics for Player to Sport Click Quiz

Click here to take the quiz!

General Stats

  • This quiz has been taken 2,643 times
  • The average score is 17 of 23

Answer Stats

HintAnswer% Correct
Muhammed AliBoxing
98%
Cristiano RonaldoSoccer
97%
Serena WilliamsTennis
97%
Michael JordanBasketball
96%
Tiger WoodsGolf
95%
Usain BoltSprinting
91%
Michael PhelpsSwimming
91%
O.J. SimpsonAmerican Football
84%
Babe RuthBaseball
83%
Tony HawkSkateboarding
82%
Lance ArmstrongCycling
79%
Michael SchumacherFormula One
78%
Conor McGregorMixed Martial Arts
78%
Tonya HardingIce Skating
73%
Wayne GretzkyIce Hockey
70%
Nadia ComăneciGymnastics
68%
Magnus CarlsenChess
61%
Ma LongTable Tennis
60%
Caitlyn JennerDecathlon
59%
Virat KohliCricket
54%
Kelly SlaterSurfing
52%
Jonah LomuRugby
46%
Haile GebrselassieMarathon
45%

Score Distribution

Percentile by Number Answered

Percent of People with Each Score

Your Score History

You have not taken this quiz